Welcome to the Holygrace Academy Library

Please use search bar below to get started

OZAMA OF OZ (Record no. 2983)

MARC details
000 -LEADER
fixed length control field 00364nam a22001577a 4500
020 ## - INTERNATIONAL STANDARD BOOK NUMBER
ISBN 973-93-80005-38-6
082 ## - DEWEY DECIMAL CLASSIFICATION NUMBER
Classification number 823
Item number BAU/O
100 ## - MAIN ENTRY--AUTHOR NAME
Personal name BAUM, FRANK L
245 ## - TITLE STATEMENT
Title OZAMA OF OZ
Remainder of title SHORT STORY
246 ## - VARYING FORM OF TITLE
Title proper/short title OZAMA OF OZ
Remainder of title SHORT STORY
260 ## - PUBLICATION, DISTRIBUTION, ETC. (IMPRINT)
Place of publication NOIDA
Name of publisher MAPLE PRESS PVT.LTD
300 ## - PHYSICAL DESCRIPTION
Number of Pages 197
520 ## - SUMMARY, ETC.
Summary, etc SHORT STORY
650 ## - SUBJECT ADDED ENTRY--TOPICAL TERM
Topical Term SHORT STORY
942 ## - ADDED ENTRY ELEMENTS (KOHA)
Koha item type Books
Holdings
Withdrawn status Lost status Collection code Home library Current library Shelving location Date acquired Source of acquisition Cost, normal purchase price Full call number Accession Number Koha item type
    Fiction Main Library Main Library SHELF 4-F ENGLISH CLASSICS 16/07/2019 Purchase 95.00 823 BAU/O 11220 Books